| 000 | 00785nam a22001697a 4500 | ||
|---|---|---|---|
| 003 | LK-CoDNM | ||
| 005 | 20250221123924.0 | ||
| 008 | 250221b |||||||| |||| 00| 0 eng d | ||
| 040 |
_aLK-CoDNM _dLK-CoDNM _eLK-CoDNM |
||
| 041 | _atam | ||
| 080 | _aT A379 | ||
| 245 | _aபெண்களின் பட்டயம் | ||
| 260 |
_aபெண்கள் வலுவூட்டல், சமூக நலன்புரி அமைச்சு, இல.177, நாவல வீதி, நாரஹேன்பிட்டிய, கொழும்பு05. _bஇலங்கை பெண்கள் பற்றிய தேசிய குழு _c2005 |
||
| 300 | _a14p : 21 cm. | ||
| 650 | _aபெண்களின் உரிமை பற்றியது | ||
| 942 | _cBK | ||
| 999 |
_c238272 _d238272 |
||